Musik Allgemeinwissen Quiz #6 - Statistiken

Allgemein
  • Dieses Quiz wurde 253 mal gespielt
  • Das Durchschnittsergebnis liegt bei 13 aus 20
Antwortstatistiken
Frage Antwort % Korrekt
Wie lauten die beiden Vornamen von Mozart? Wolfgang Amadeus
92%
Wie viele Saiten hat eine Geige? 4
91%
Mit welchem Wort beginnt die deutsche Nationalhymne? Einigkeit
84%
An welchem Fest wird das Lied "Alle Jahre wieder" traditionell gesungen? Weihnachten
84%
Aus welcher Stadt stammen die Beatles? Liverpool
83%
Aus welchem Land kommt die Boyband BTS? Südkorea
80%
Führen Sie den Vers weiter: "Heute soll es regnen, stürmen oder schneien, denn du strahlst ja selber..."? wie der Sonnenschein
77%
Welche Sängerin war neun Staffeln lang (und damit länger als jeder andere) Coach in der deutschen Ausgabe von "The Voice Kids"? Lena Meyer-Landrut
76%
Wie heißt das Verfahren, mit dem Musiker die Tonhöhe ihrer Instrumente einstellen? Stimmen
75%
Von welcher Band stammen Hits wie "Seperate Ways", "Wheel in the Sky" und "Don't Stop Believin"? Journey
68%
Nennen Sie ein Mitglied der 187 Strassenbande Bonez MC | Gzuz | LX | Maxwell | Sa4
58%
Wer sang Hits wie "Du", "Nessaja" und "Über sieben Brücken musst du gehn"? Peter Maffay
55%
Führen Sie den Vers weiter: "Lebt denn der alte Holzmichel noch?" Ja, er lebt noch
54%
Welchen berühmten Musiker hat der Schauspieler Rami Malek porträtiert? Freddie Mercury
53%
An welcher Küste will Nina Chuba in "Wildberry Lillet" ein Haus für ihre Mama? Catania
45%
In welcher Band spielt Mike Shinoda? Linkin Park
42%
Welcher deutsche Sänger hat Hits wie "Elektriker", "Hundi" und "Hawaii Toast Song"? Alexander Marcus
36%
Wer hat "99 Problems, but a bitch ain't one"? Jay-Z
34%
Welcher Rapper nennt sich auf Instagram "Champagnepapi"? Drake
32%
Chuck Berry, Alan Freed und Fats Domino sind bekannte Vertreter welches Musik-Genres? Rock 'n' Roll
32%
Keine übereinstimmenden Quizze gefunden
Verteilung der Resultate
Anzahl Personen mit jedem Resultat
Perzentil nach korrekt beantworteten Fragen
Ihre Resultats-Entwicklung
Sie haben dieses Quiz noch nicht gespielt